Epidemiología clínica (Registro nro. 21642)

Detalles MARC
000 -Cabecera
Campo de control interno 01042nam a2200253Ia 4500
005 - Fecha y hora del registro
control field 20260417111038.0
008 - Elementos de Longitud Fija
fixed length control field 260320s9999||||xx |||||||||||||| ||und||
020 ## - ISBN
ISBN 9788417949938
041 ## - Idioma
Codigo Idioma ESP
082 ## - DEWEY y NOTACIÓN INTERNA
Dewey 614.4
Notación Interna F57
100 ## - AUTOR
Autor denominación Fletcher, Grant S.,
Término de relación autor
245 #0 - TÍTULO DE MATERIAL BIBLIOGRÁFICO
Título Epidemiología clínica
250 ## - EDICIÓN
Edición Sexta edición
260 ## - CIUDAD, EDITORIAL, AÑO
Ciudad Philadelphia :
Nombre de la Editorial Wolters Kluwer,
Año 2021
300 ## - DESCRIPCIÓN
N° Páginas xiv, 274 páginas :
Otros detalles tablas, gráficos ;
Dimensiones 25 cm.
650 ## - TEMAS
Temas Tecnología (Ciencias Aplicadas)
653 ## - DESCRIPTORES
Lenguajes no controlado Epidemiología clínica; Métodos epidemiológicos
654 ## - PROGRAMAS
Programa Dpto. de Ciencias de la Salud
856 ## - URL - UBICACIÓN
URI/URL: Enlace exacto del recurso <a href="https://0u216wvfk-y-https-accessmedicina-mhmedical-com.itmsp.museknowledge.com/">https://0u216wvfk-y-https-accessmedicina-mhmedical-com.itmsp.museknowledge.com/</a>
Nota pública: Versión digital <a href="Véase además: Base de datos McGraw Hill Access Medicina">Véase además: Base de datos McGraw Hill Access Medicina</a>
856 ## - URL - UBICACIÓN
URI/URL: Enlace exacto del recurso <a href="https://0u23fwvfp-y-https-www-clinicalkey-com.itmsp.museknowledge.com/student/login">https://0u23fwvfp-y-https-www-clinicalkey-com.itmsp.museknowledge.com/student/login</a>
Nota pública: Versión digital <a href="Véase además: Base de datos ClinicalKey">Véase además: Base de datos ClinicalKey</a>
856 ## - URL - UBICACIÓN
URI/URL: Enlace exacto del recurso <a href="https://0u203wvg5-y-https-www-uptodate-com.itmsp.museknowledge.com/contents/search">https://0u203wvg5-y-https-www-uptodate-com.itmsp.museknowledge.com/contents/search</a>
Nota pública: Versión digital <a href="Véase además: Base de datos UpToDate">Véase además: Base de datos UpToDate</a>
942 ## - ELEMENTOS DE KOHA
Tipo de documento Libro
Nombre del creador Justo Noguera
Código de catalogador Margarita Torres
Esquema de clasificación Dewey Decimal Classification
Existencias
Codigo completo Registro Colección Copia número Disponibilidad Tipo de préstamo Biblioteca Actual Procedencia (Biblioteca) Ubicacón Fecha Ingreso Tipo de Adquisición Observación Date last seen Total checkouts Price effective from Tipo de Item Estado del Material Fuente de Clasificación Damaged status Withdrawn status
614.4 F57 1085189 Universidad Católica San Pablo 1 Disponible Disponible Víctor Andrés Belaunde Víctor Andrés Belaunde Planta baja abierta 10/03/2026 Compra Medicina 20/03/2026   20/03/2026 Libro Bueno Dewey Decimal Classification